Kế toán đại cương

Spremljeno u:
Bibliografski detalji
Glavni autor: Phạm, Ngọc Thúy
Format: Knjiga
Jezik:Undetermined
Izdano: Thành phố Hồ Chí Minh Nhà xuất bản Thành phố Hồ Chí Minh 2005
Teme:
Oznake: Dodaj oznaku
Bez oznaka, Budi prvi tko označuje ovaj zapis!
Thư viện lưu trữ: Trung tâm Học liệu Trường Đại học Cần Thơ
LEADER 00617nam a2200193Ia 4500
001 CTU_100685
008 210402s9999 xx 000 0 und d
020 |c 22000 
082 |a 657 
082 |b Th523 
100 |a Phạm, Ngọc Thúy 
245 0 |a Kế toán đại cương 
245 0 |c Phạm Ngọc Thúy, Phạm Tuấn Cường, Trần Mỹ Hạnh 
260 |a Thành phố Hồ Chí Minh 
260 |b Nhà xuất bản Thành phố Hồ Chí Minh 
260 |c 2005 
650 |a Accounting 
904 |i Tuyến 
980 |a Trung tâm Học liệu Trường Đại học Cần Thơ